[Event "Bayernliga U20 1314"]
[Site "Bayern"]
[Date "2013.11.30"]
[Round "2.4"]
[White "Moenius, Oliver"]
[Black "Loesch, Caroline"]
[Result "1-0"]
[WhiteElo "1777"]
[BlackElo "1485"]
[PlyCount "117"]
[EventDate "2013.11.16"]
[EventType "team-tourn"]
[EventRounds "7"]
[EventCountry "GER"]
[SourceTitle "EXT 2022"]
[Source "ChessBase"]
[SourceDate "2021.10.06"]
[SourceVersion "1"]
[SourceVersionDate "2021.10.06"]
[SourceQuality "1"]
[WhiteTeam "Hoechstadt SC U20"]
[BlackTeam "Vaterstetten SC U20"]
[WhiteTeamCountry "GER"]
[BlackTeamCountry "GER"]

1. d4 d5 2. e3 Bf5 3. c4 e6 4. Nc3 Nf6 5. Qb3 b6 6. Nf3 Qd6 7. c5 Qd8 8. cxb6 axb6 9. Ne5 c6 10. Bd3 Bxd3 11. Nxd3 Bd6 12. Ne2 Nbd7 13. Bd2 Ne4 14. Qc2 c5 15. dxc5 bxc5 16. Ng3 Ndf6 17. Nxe4 Nxe4 18. Qd1 Qf6 19. Qf3 Qg6 20. Nf4 Nxd2 21. Kxd2 Qf6 22. Kc1 c4 23. Ne2 Qg6 24. Nc3 0-0 25. h4 Rfb8 26. h5 Qh6 27. Kc2 f5 28. Rhd1 g5 29. hxg6 hxg6 30. Nxd5 Be5 31. Nc3 Qg7 32. Qc6 Qf6 33. Qxc4 Rc8 34. Qd3 Qh4 35. Qe2 Bxc3 36. bxc3 Qe4+ 37. Rd3 Qxg2 38. Kd2 Ra3 39. c4 Rxd3+ 40. Kxd3 Qe4+ 41. Kd2 Qxc4 42. Qxc4 Rxc4 43. Kd3 Ra4 44. Kc3 Kf7 45. Kb3 Re4 46. a4 Re5 47. a5 Rb5+ 48. Kc4 Rb8 49. Kc5 Ke7 50. Rd1 Ra8 51. Kb6 g5 52. a6 f4 53. exf4 gxf4 54. Kb7 Rg8 55. a7 Kf6 56. a8Q Rxa8 57. Kxa8 Kf5 58. Re1 e5 59. f3 1-0

[Event "Bayernliga U20 1314"]
[Site "Bayern"]
[Date "2013.11.16"]
[Round "1.4"]
[White "Loesch, Caroline"]
[Black "Fritsch, Julian"]
[Result "1-0"]
[WhiteElo "1485"]
[BlackElo "1552"]
[PlyCount "61"]
[EventDate "2013.11.16"]
[EventType "team-tourn"]
[EventRounds "7"]
[EventCountry "GER"]
[SourceTitle "EXT 2022"]
[Source "ChessBase"]
[SourceDate "2021.10.06"]
[SourceVersion "1"]
[SourceVersionDate "2021.10.06"]
[SourceQuality "1"]
[WhiteTeam "Vaterstetten SC U20"]
[BlackTeam "Kelheim SK U20"]
[WhiteTeamCountry "GER"]
[BlackTeamCountry "GER"]

1. e4 d6 2. d4 g6 3. Nf3 Bg7 4. Bc4 Nf6 5. Nc3 0-0 6. 0-0 c6 7. e5 dxe5 8. dxe5 Ng4 9. Qe2 b5 10. Bb3 a5 11. a3 Ba6 12. Qe4 Nh6 13. Bg5 Qc7 14. Rfd1 e6 15. Ne2 Nd7 16. Rd6 Rfc8 17. Rad1 Nc5 18. Qe3 Nxb3 19. Bxh6 Bxh6 20. Qxh6 Nc5 21. Ng5 f5 22. exf6 Ra7 23. f7+ Qxf7 24. Nxf7 Rxf7 25. f3 Rff8 26. b4 Nb7 27. Rd7 Rf7 28. Rxf7 Kxf7 29. Rd7+ Ke8 30. Qxh7 Nd6 31. Qe7# 1-0

[Event "Landesliga U20 Sued 1112"]
[Site "Bayern"]
[Date "2011.12.03"]
[Round "3.2"]
[White "Loesch, Caroline"]
[Black "Lavrinenkov, Vadim"]
[Result "0-1"]
[WhiteElo "1382"]
[BlackElo "1884"]
[PlyCount "74"]
[EventDate "2011.11.12"]
[EventType "team-tourn"]
[EventRounds "7"]
[EventCountry "GER"]
[SourceTitle "EXT 2022"]
[Source "ChessBase"]
[SourceDate "2021.10.06"]
[SourceVersion "1"]
[SourceVersionDate "2021.10.06"]
[SourceQuality "1"]
[WhiteTeam "Vaterstetten SC U20 II"]
[BlackTeam "Kriegshaber SK U20"]
[WhiteTeamCountry "GER"]
[BlackTeamCountry "GER"]

1. e4 c5 2. Nf3 e6 3. Nc3 a6 4. a3 Nc6 5. g3 Nf6 6. Bg2 d5 7. exd5 exd5 8. 0-0 Be7 9. d3 0-0 10. Re1 h6 11. Bf4 Be6 12. Ne5 Nxe5 13. Bxe5 Qd7 14. Qf3 Bg4 15. Qf4 d4 16. Ne4 Nd5 17. Qd2 f6 18. c4 fxe5 19. cxd5 Bf3 20. Bxf3 Rxf3 21. Qe2 Raf8 22. Nd2 R3f5 23. f4 Qxd5 24. fxe5 Bg5 25. Nc4 b5 26. Qe4 Qxe4 27. dxe4 Rf2 28. Nd6 Be3 29. Kh1 Rxb2 30. Rf1 Rff2 31. Rxf2 Rxf2 32. h4 Kf8 33. a4 b4 34. Nc4 Ke7 35. Nxe3 dxe3 36. Re1 e2 37. Kg1 Rf1+ 0-1

[Event "Landesliga U20 Sued 1112"]
[Site "Bayern"]
[Date "2011.11.12"]
[Round "1.3"]
[White "Loesch, Caroline"]
[Black "Eichler, Alexander"]
[Result "1/2-1/2"]
[WhiteElo "1382"]
[BlackElo "1605"]
[PlyCount "110"]
[EventDate "2011.11.12"]
[EventType "team-tourn"]
[EventRounds "7"]
[EventCountry "GER"]
[SourceTitle "EXT 2022"]
[Source "ChessBase"]
[SourceDate "2021.10.06"]
[SourceVersion "1"]
[SourceVersionDate "2021.10.06"]
[SourceQuality "1"]
[WhiteTeam "Vaterstetten SC U20 II"]
[BlackTeam "Muenchen Tarrasch U20"]
[WhiteTeamCountry "GER"]
[BlackTeamCountry "GER"]

1. e4 c5 2. Nf3 d6 3. Bc4 Nf6 4. Nc3 g6 5. d3 Bg7 6. 0-0 0-0 7. a3 Nc6 8. Rb1 a6 9. Bg5 b5 10. Bd5 Qc7 11. b3 Bb7 12. Re1 e6 13. Bxc6 Bxc6 14. e5 dxe5 15. Nxe5 Nd5 16. Nxd5 Bxd5 17. Nf3 Qa5 18. Bc1 Bc3 19. Re3 Rfd8 20. Ng5 Kg7 21. Qg4 Bf6 22. h3 Rac8 23. a4 bxa4 24. bxa4 Rb8 25. Rxb8 Rxb8 26. Ne4 Rb1 27. Qd1 Bb2 28. Bxb2+ Rxb2 29. Qa1 Qb6 30. Nxc5 Kg8 31. Qa3 Rxc2 32. Nd7 Qd8 33. Ne5 Qe8 34. Ng4 Qb8 35. Nf6+ Kg7 36. Nxd5 exd5 37. g3 Kg8 38. Qe7 Rc8 39. Kg2 d4 40. Rf3 Rc7 41. Qd6 Qa7 42. Rf6 Qb7+ 43. Rf3 Qa7 44. Rf4 Rd7 45. Qb4 Qa8+ 46. Re4 f5 47. Qc4+ Kg7 48. Qe6 Qb7 49. Qe5+ Kg8 50. Qe8+ Kg7 51. Qe5+ Kf8 52. Qe8+ Kg7 53. Qe5+ Kh6 54. Qf4+ Kg7 55. Qe5+ Kf7 1/2-1/2

[Event "GER-chT U20 Girls "]
[Site "Chemnitz"]
[Date "2009.12.29"]
[Round "5.1"]
[White "Loesch, Caroline"]
[Black "Nekrasova, Kateryna"]
[Result "0-1"]
[WhiteElo "1278"]
[BlackElo "1810"]
[PlyCount "40"]
[EventDate "2009.12.27"]
[EventType "team-swiss"]
[EventRounds "7"]
[EventCountry "GER"]
[SourceTitle "EXT 2022"]
[Source "ChessBase"]
[SourceDate "2021.10.06"]
[SourceVersion "1"]
[SourceVersionDate "2021.10.06"]
[SourceQuality "1"]
[WhiteTeam "Vaterstetten SC U20 Girls"]
[BlackTeam "Berlin Empor U20 Girls"]
[WhiteTeamCountry "GER"]
[BlackTeamCountry "GER"]

1. e4 c6 2. d4 d5 3. Nc3 dxe4 4. Nxe4 Bf5 5. Bd3 Qxd4 6. Nf3 Qd8 7. 0-0 Bxe4 8. Bxe4 Qxd1 9. Rxd1 Nf6 10. Rd4 Nbd7 11. b4 e5 12. Nxe5 Nxe5 13. Bf4 Ned7 14. Bf5 0-0-0 15. Re1 g6 16. Bh3 Bg7 17. Bg5 h6 18. Bh4 g5 19. Bxd7+ Nxd7 20. Rg4 f5 0-1

[Event "GER-chT U14 Girls"]
[Site "Dittrichshuette"]
[Date "2008.12.27"]
[Round "2.4"]
[White "Loesch, Caroline"]
[Black "Billepp, Dana Marie"]
[Result "1-0"]
[WhiteElo "1230"]
[BlackElo "758"]
[PlyCount "63"]
[EventDate "2008.12.27"]
[EventType "team-swiss"]
[EventRounds "7"]
[EventCountry "GER"]
[SourceTitle "EXT 2010"]
[Source "ChessBase"]
[SourceDate "2010.11.25"]
[SourceVersion "1"]
[SourceVersionDate "2010.11.25"]
[SourceQuality "1"]
[WhiteTeam "Vaterstetten"]
[BlackTeam "Rossdorf"]
[WhiteTeamCountry "GER"]
[BlackTeamCountry "GER"]

1. e4 e5 2. Nf3 Nc6 3. Bc4 Bc5 4. d3 Nf6 5. Bg5 h6 6. Bh4 g5 7. Bg3 d6 8. h3 Be6 9. Bb5 Qd7 10. Nbd2 a6 11. Ba4 b5 12. Bb3 g4 13. hxg4 Bxg4 14. Bh4 Nh5 15. Bd5 Nf4 16. Rh2 Nxd5 17. exd5 Nd4 18. Ne4 Qf5 19. Nf6+ Kf8 20. Nxg4 Qxg4 21. Nxd4 Qxd4 22. c3 Qxd5 23. Bf6 Rh7 24. Qd2 h5 25. b4 Qe6 26. Qg5 Qg4 27. Qxg4 hxg4 28. Rxh7 Ke8 29. Rh8+ Kd7 30. Rxa8 Ke6 31. Bh4 d5 32. bxc5 1-0

[Event "GER-chT U14 Girls"]
[Site "Stuttgart"]
[Date "2007.12.28"]
[Round "4.4"]
[White "Loesch, Caroline"]
[Black "Hofmann, Annegret"]
[Result "1/2-1/2"]
[WhiteElo "1086"]
[BlackElo "1031"]
[PlyCount "149"]
[EventDate "2007.12.27"]
[EventType "team-swiss"]
[EventRounds "7"]
[EventCountry "GER"]
[SourceTitle "EXT 2009"]
[Source "ChessBase"]
[SourceDate "2008.11.26"]
[SourceVersion "1"]
[SourceVersionDate "2008.11.26"]
[SourceQuality "1"]
[WhiteTeam "Vaterstetten SC U14 Girls"]
[BlackTeam "Chemnitz USG U14 Girls"]
[WhiteTeamCountry "GER"]
[BlackTeamCountry "GER"]

1. e4 e5 2. Nf3 Nc6 3. Bc4 Bc5 4. c3 Nf6 5. d4 exd4 6. cxd4 Bb6 7. Bg5 h6 8. Bh4 d6 9. h3 0-0 10. Nc3 Be6 11. Qd3 Qe7 12. e5 dxe5 13. dxe5 Bxc4 14. Qxc4 Nxe5 15. Qe2 Nxf3+ 16. gxf3 Qxe2+ 17. Kxe2 Rfe8+ 18. Kf1 Nd7 19. Rd1 Ne5 20. f4 Nf3 21. Bg3 Re7 22. Kg2 Nd4 23. Nd5 Rd7 24. Nc3 Re8 25. f3 Ba5 26. Nb5 Bb6 27. f5 a6 28. Nxd4 Bxd4 29. Rd2 Ree7 30. Rhd1 c5 31. Bf2 Re5 32. Bxd4 cxd4 33. Rxd4 Re2+ 34. Kf1 Rde7 35. Rd8+ Kh7 36. R8d7 f6 37. Rxe7 Rxe7 38. Rd5 b5 39. b3 Re3 40. Kf2 Rc3 41. Kg3 b4 42. Ra5 Rc6 43. Kg4 Kg8 44. h4 Kf7 45. a3 Rb6 46. Kh5 Kg8 47. Kg6 bxa3 48. Rxa3 Kf8 49. h5 Rd6 50. b4 Kg8 51. Rc3 Rd8 52. Rc6 Ra8 53. Rb6 Kf8 54. Rb7 Rd8 55. Rxg7 Rd5 56. Kxf6 Rd6+ 57. Ke5 Rb6 58. Rg4 Kf7 59. Rg6 Rb5+ 60. Kd6 Rxf5 61. Rxh6 Rb5 62. Kd7 Rb7+ 63. Kd8 Rb8+ 64. Kc7 Rxb4 65. Rxa6 Rf4 66. Kb6 Rxf3 67. Kc7 Kg7 68. Kd7 Rh3 69. Ra5 Kh6 70. Ra8 Rxh5 71. Ke6 Kg7 72. Ra7+ Kg6 73. Ra8 Rh6 74. Ra5 Kg7+ 75. Ke7 1/2-1/2